| 000 | 01175cam a2200145 4500500 | ||
|---|---|---|---|
| 005 | 20251228142420.0 | ||
| 041 | _afre | ||
| 042 | _adc | ||
| 100 | 1 | 0 |
_aVerschuur, Christine _eauthor |
| 700 | 1 | 0 |
_aReysoo, Fenneke _eauthor |
| 245 | 0 | 0 | _aGenre, nouvelle division internationale du travail et migrations |
| 260 |
_bL'Harmattan,
_c2005. |
||
| 520 | _aLe nouvel ordre économique néolibéral modifie la division internationale du travail, entraînant un accroissement des populations migrantes. Si longtemps la figure du migrant a été représentée comme masculine, les femmes migrent bien, elles aussi, à part égale avec les hommes, et spécialement dans le secteur des soins ou des emplois domestiques. Le transfert international dans ces deux secteurs est un nouvel échange inégal (matière première extraite au sud pur être consommée dans les pays riches). Mais ces migration n’ont pas que des aspects négatifs et contribuent peut-être aussi à la recherche d’alternatives pour toutes et tous. | ||
| 856 | 4 | 1 | _uhttps://shs.cairn.info/genre-nouvelle-division-internationale-du-travail-et-migrations--9782747579759?lang=fr&redirect-ssocas=7080 |
| 999 |
_c1608318 _d1608318 |
||